[Event "Barcelona Sants op-C 23rd"]
[Site "Barcelona"]
[Date "2022.08.26"]
[Round "8"]
[White "Sviridenko, Yaroslav"]
[Black "Fournier, Nicolas1111"]
[Result "1-0"]
[WhiteElo "1612"]
[BlackElo "1596"]
[PlyCount "83"]
[EventDate "2022.08.19"]
[EventType "swiss"]
[EventRounds "10"]
[EventCountry "ESP"]
[SourceTitle "EXT 2023"]
[Source "ChessBase"]
[SourceDate "2022.10.05"]
[SourceVersion "1"]
[SourceVersionDate "2022.10.05"]
[SourceQuality "1"]

1. e4 e6 2. d4 c5 3. Nf3 cxd4 4. Nxd4 Nc6 5. Be3 a6 6. Be2 Qc7 7. 0-0 Nf6 8. Nc3 Be7 9. f4 0-0 10. e5 Ne8 11. Kh1 d6 12. Nxc6 bxc6 13. exd6 Nxd6 14. Bd3 c5 15. Qh5 Nf5 16. Bxf5 exf5 17. Rf3 Be6 18. Rg3 Rfd8 19. Na4 Rab8 20. Qh6 Bf8 21. Bxc5 Kh8 22. Bxf8 gxh6 23. Bg7+ Kg8 24. Be5+ Kf8 25. Bxc7 Ke7 26. Bxd8+ Rxd8 27. Rd3 Rc8 28. c3 Rc4 29. Rd4 Rc6 30. Rad1 Bxa2 31. h3 h5 32. Rb4 Bc4 33. Re1+ Kf8 34. Nb6 Bd3 35. Nd7+ Kg7 36. Ne5 Rd6 37. Rd1 a5 38. Rb7 a4 39. Rxd3 Ra6 40. Rxf7+ Kh6 41. Rc7 Ra8 42. Rd6# 1-0